Investigación sobre necesidades de capacitación y o formación de personal del sector social al que pretende servir el sector privado del IESTRA /

Necesidades de capacitación y/o formación de personal del sector que atiende el IESTRA de la UNA, Heredia, Costa Rica. Define el sector social al que sirve el IESTRA. Precisa las categorías de pequeña y mediana empresa agropecuaria y la pequeña y mediana empresa industrial. Investiga las necesidades...

Celý popis

Uloženo v:
Podrobná bibliografie
Hlavní autor: Hernández Alas, Evaristo
Korporativní autor: Universidad Nacional. Facultad de Ciencias Sociales. Instituto de Estudios Sociales del Trabajo. Unidad de Investigación
Další autoři: Barahona Portocarrero, Amaru
Médium: Text
Vydáno: Heredia: IESTRA
Témata:
Tagy: Přidat tag
Žádné tagy, Buďte první, kdo vytvoří štítek k tomuto záznamu!

MARC

LEADER 00000 a a2200000 04500
001 20208
003
040
090 |a 083400  
100 |a Hernández Alas, Evaristo  
110 |a Universidad Nacional. Facultad de Ciencias Sociales. Instituto de Estudios Sociales del Trabajo. Unidad de Investigación  
245 |a Investigación sobre necesidades de capacitación y o formación de personal del sector social al que pretende servir el sector privado del IESTRA /  |c Evaristo Hernández Alas 
260 |a Heredia:   |b IESTRA  
300 |a 37 p.  
520 |a Necesidades de capacitación y/o formación de personal del sector que atiende el IESTRA de la UNA, Heredia, Costa Rica. Define el sector social al que sirve el IESTRA. Precisa las categorías de pequeña y mediana empresa agropecuaria y la pequeña y mediana empresa industrial. Investiga las necesidades de personal de dichas empresas para la actualidad y para el futuro./ACM  
650 |a COSTA RICA  
650 |a EMPRESAS AGRICOLAS  
650 |a EMPRESAS INDUSTRIALES  
650 |a PEQUEÑAS EMPRESAS  
650 |a INVESTIGACION  
650 |a PROGRAMAS DE CAPACITACION  
700 |a Barahona Portocarrero, Amaru  
999 |c 11609  |d 11609